[Event "TCh-FRA Top 16"]
[Site "Asnieres sur Seine FRA"]
[Date "2006.05.04"]
[Round "8"]
[White "Bergez,L"]
[Black "Lallemand,R"]
[Result "1-0"]
[WhiteElo "2341"]
[BlackElo "2279"]
[EventDate "2006.03.03"]

1. e4 c5 2. Nf3 Nc6 3. Bb5 g6 4. O-O Bg7 5. d3 Nf6 6. Nc3 d6 7. e5 dxe5 8.
Nxe5 Bd7 9. Bxc6 Bxc6 10. Nxc6 bxc6 11. Be3 Qd6 12. Qd2 O-O 13. Bf4 e5 14.
Bg5 Rab8 15. b3 Nd7 16. Ne4 Qe6 17. Be3 Qe7 18. Qc3 Rfe8 19. Bxc5 Nxc5 20.
Qxc5 Qxc5 21. Nxc5 f5 22. Rad1 g5 23. h3 h5 24. g4 hxg4 25. hxg4 Rb5 26.
Na4 e4 27. Rfe1 Rf8 28. dxe4 fxg4 29. Kg2 Re5 30. Rd4 Re6 31. Rc4 Be5 32.
Nc5 Rh6 33. Nd3 Rh2+ 34. Kg1 Rf7 35. Nxe5 Rfxf2 36. Nxg4 Rhg2+ 37. Kh1 Rxg4
38. Rxc6 Rgg2 39. Rh6 Kg7 40. Rg1 Rxg1+ 41. Kxg1 Rxc2 42. Ra6 Re2 43. a4
Rxe4 44. Rxa7+ Kf6 45. Rb7 Re2 46. a5 Ra2 47. Rb6+ Ke5 48. a6 g4 49. b4 Kf4
50. b5 Ra1+ 51. Kg2 Ra2+ 52. Kf1 g3 53. Rf6+ Kg4 54. Kg1 Kh3 55. Rh6+ Kg4
56. Rh8 Ra1+ 57. Kg2 Ra2+ 58. Kf1 g2+ 59. Kg1 Kg3 60. Rg8+ Kh3 61. Rg7 Ra1+
62. Kf2 Ra2+ 63. Kf3 Ra3+ 64. Kf4 Ra4+ 65. Ke3 Ra3+ 66. Kf2 Ra2+ 67. Kf3
Ra3+ 68. Ke2 Kh2 69. Rh7+ Kg3 70. a7 g1=N+ 71. Kd1 Nf3 72. b6 Ra1+ 73. Kc2
Nd4+ 74. Kb2 Ra6 75. b7 Rb6+ 76. Kc1 Nb3+ 77. Kd1 Rd6+ 78. Kc2 Nd4+ 79. Kc1
Ne2+ 80. Kb1 Rb6+ 81. Kc2 Nd4+ 1-0

[Event "TCh-FRA Top 16"]
[Site "Asnieres sur Seine FRA"]
[Date "2006.05.04"]
[Round "8"]
[White "Hamdouchi,H"]
[Black "Ivanisevic,I"]
[Result "1/2-1/2"]
[WhiteElo "2575"]
[BlackElo "2588"]
[EventDate "2006.03.03"]

1. e4 c5 2. Nf3 e6 3. c4 Nc6 4. Nc3 e5 5. d3 d6 6. Be2 Be7 7. O-O f5 8.
exf5 Bxf5 9. a3 Nf6 10. b4 cxb4 11. axb4 Nxb4 12. Rb1 a5 13. Ba3 d5 14.
Nxe5 O-O 15. cxd5 Nfxd5 16. Qb3 Be6 17. Bg4 Bxg4 18. Nxg4 Kh8 19. Nxd5 Nxd5
20. Bxe7 Nxe7 21. Qxb7 Ng6 22. Qd5 a4 23. g3 Re8 24. Qc4 a3 25. Rb7 Re7 26.
Rxe7 Qxe7 27. Ra1 Rf8 28. Ra2 Qe1+ 29. Kg2 Qd1 30. h3 Qf3+ 31. Kg1 Rb8 32.
Qc1 h5 33. Nh2 Qxd3 34. Rxa3 Qf5 35. Kg2 Ne5 36. Nf3 Nxf3 37. Rxf3 Qd5 38.
Qf4 Rb3 39. Qf5 Qb5 40. Qxb5 Rxb5 41. Re3 Rd5 42. f4 g6 43. g4 hxg4 44.
hxg4 Kg7 45. Kg3 Rd4 46. Re7+ Kf6 47. Ra7 Rd3+ 48. Kh4 g5+ 49. fxg5+ Kg6
50. Ra6+ Kg7 51. g6 Rd5 52. g5 Rd1 1/2-1/2

[Event "TCh-FRA Top 16"]
[Site "Asnieres sur Seine FRA"]
[Date "2006.05.04"]
[Round "8"]
[White "Miladinovic,I"]
[Black "Prie,E"]
[Result "1/2-1/2"]
[WhiteElo "2607"]
[BlackElo "2467"]
[EventDate "2006.03.03"]

1. d4 d5 2. Bg5 f6 3. Bf4 Nc6 4. e3 e5 5. Bg3 exd4 6. exd4 Bf5 7. c3 Bd6 8.
Bb5 Nge7 9. Ne2 h5 10. h4 Bg4 11. f3 Bxg3+ 12. Nxg3 Qd6 13. Kf2 Bd7 14. Bd3
O-O-O 15. Na3 a6 16. Nc2 g5 17. Ne3 Rdg8 18. Qc2 Kb8 19. Ne2 g4 20. g3 gxf3
21. Nf4 Ne5 22. Rag1 c5 23. dxe5 fxe5 24. Nfxd5 Nxd5 25. Nxd5 Qxd5 26. Be4
Qxa2 27. c4 Qa5 28. Rd1 Qc7 29. Rhe1 Bc8 30. Rd3 Rd8 31. Rxf3 Rd4 32. Bd5
Qg7 33. Qc3 Re8 34. Qe3 Re7 35. Qg5 Qxg5 36. hxg5 Rg4 37. Rf8 Rxg5 38. Bf3
Kc7 39. Re3 Be6 40. Rb3 Bc8 41. Bd5 e4 42. Rf4 e3+ 43. Rxe3 Rxe3 44. Kxe3
Rxg3+ 45. Kd2 Rg7 46. Kc3 Bd7 47. Bf3 Bg4 48. Bd5 Rh7 49. Be4 Re7 50. b4
Kd6 51. Bd5 Re3+ 52. Kd2 Re2+ 53. Kc3 cxb4+ 54. Kxb4 Rb2+ 55. Kc3 Rb1 56.
Rf7 b6 57. Rh7 a5 58. Rh6+ Ke5 59. Bf7 Kf4 60. Be8 Rb4 61. c5 bxc5 62. Bxh5
Bd7 63. Be2 Ke5 64. Bc4 Rb7 65. Rh5+ Kd6 66. Rh6+ Kc7 67. Rh5 Kb6 68. Rh6+
Bc6 69. Bd5 Rc7 70. Kc4 a4 71. Rf6 a3 72. Kb3 a2 1/2-1/2

[Event "TCh-FRA Top 16"]
[Site "Asnieres sur Seine FRA"]
[Date "2006.05.04"]
[Round "8"]
[White "Howell,D"]
[Black "Mastrovasilis,A"]
[Result "0-1"]
[WhiteElo "2486"]
[BlackElo "2508"]
[EventDate "2006.03.03"]

1. e4 e5 2. Nf3 Nc6 3. Bb5 Nf6 4. d3 Bc5 5. c3 O-O 6. O-O d5 7. Nbd2 Re8 8.
h3 a6 9. Ba4 Ba7 10. Re1 b5 11. Bb3 d4 12. Nf1 Na5 13. Bc2 c5 14. cxd4 exd4
15. Bd2 h6 16. a4 b4 17. N3h2 Rb8 18. b3 Rb7 19. Ng3 Be6 20. Rb1 Nh7 21.
Kh1 Qh4 22. Qh5 Qxh5 23. Nxh5 Bb8 24. g4 g5 25. f4 Nc6 26. Rf1 f6 27. h4
Rf7 28. Rf2 Ref8 29. Bd1 Bd6 30. Rc1 Na5 31. Rb1 Nc6 32. Be1 Re8 33. Rf1
gxf4 34. Nxf4 Bxf4 35. Rxf4 Ne5 36. Be2 Nf8 37. Bg3 Nfd7 38. Nf3 Ng6 39.
Nd2 Nxf4 40. Bxf4 Kh7 41. Nf1 f5 42. gxf5 Bxf5 43. Bh2 Rxe4 44. Bh5 Rfe7
0-1

[Event "TCh-FRA Top 16"]
[Site "Asnieres sur Seine FRA"]
[Date "2006.05.04"]
[Round "8"]
[White "Mastrovasilis,D"]
[Black "Conquest,S"]
[Result "0-1"]
[WhiteElo "2573"]
[BlackElo "2522"]
[EventDate "2006.03.03"]

1. e4 c6 2. d4 d5 3. e5 c5 4. dxc5 Nc6 5. Bb5 e6 6. Be3 Nge7 7. c3 Bd7 8.
Bxc6 Bxc6 9. Nf3 Nf5 10. Bd4 a5 11. a4 Nxd4 12. Qxd4 Be7 13. O-O O-O 14.
Nbd2 Qc7 15. Rfe1 Bd7 16. Nb3 Rfc8 17. Re3 Rab8 18. Qf4 h6 19. h4 Qd8 20.
g3 b6 21. cxb6 Rxb6 22. Nfd4 Qe8 23. Rf3 Rcb8 24. Nxa5 Rxb2 25. Kh2 f5 26.
exf6 Bxf6 27. Qd6 R8b6 28. Qc7 e5 29. Nb5 Qe6 30. c4 e4 31. cxd5 Qh3+ 32.
Kg1 exf3 0-1

[Event "TCh-FRA Top 16"]
[Site "Asnieres sur Seine FRA"]
[Date "2006.05.04"]
[Round "8"]
[White "Perez,Fl"]
[Black "Flear,G"]
[Result "0-1"]
[WhiteElo "2237"]
[BlackElo "2470"]
[EventDate "2006.03.03"]

1. e4 e5 2. Nf3 Nc6 3. Bc4 Bc5 4. c3 Nf6 5. d3 a6 6. Bb3 Ba7 7. O-O d6 8.
h3 O-O 9. Re1 h6 10. Nbd2 Nh5 11. Nf1 Qf6 12. Be3 Nf4 13. Kh2 Na5 14. d4
Nxb3 15. axb3 c5 16. d5 g5 17. Bxf4 gxf4 18. g4 Kh7 19. c4 Rg8 20. N1d2 Bd7
21. Rg1 Rg6 22. Rg2 Rag8 23. Ne1 h5 24. gxh5 Rg5 25. Qf3 Qh6 26. Rxg5 Rxg5
27. Ng2 Bxh3 28. Nxf4 Bg4 0-1

[Event "TCh-FRA Top 16"]
[Site "Asnieres sur Seine FRA"]
[Date "2006.05.04"]
[Round "8"]
[White "Libiszewski,F"]
[Black "Bokias,I"]
[Result "1-0"]
[WhiteElo "2467"]
[BlackElo "2097"]
[EventDate "2006.03.03"]

1. e4 c5 2. Nf3 Nc6 3. d4 cxd4 4. Nxd4 e6 5. Nc3 a6 6. Be3 Qc7 7. Qd2 Nf6
8. O-O-O Bb4 9. f3 Ne5 10. Nb3 b5 11. Bd4 Nc4 12. Qg5 Bf8 13. e5 h6 14. Qg3
Nh7 15. Ne4 Bb7 16. Nbc5 Ng5 17. Nxg5 Bxc5 18. Bxc4 bxc4 19. Bxc5 Qxc5 20.
Nxf7 Qe3+ 21. Kb1 O-O 22. Rhe1 Qb6 23. Nxh6+ Kh7 24. Rxd7 1-0

[Event "TCh-FRA Top 16"]
[Site "Asnieres sur Seine FRA"]
[Date "2006.05.04"]
[Round "8"]
[White "Valero,J"]
[Black "Edouard,R"]
[Result "0-1"]
[WhiteElo "1998"]
[BlackElo "2365"]
[EventDate "2006.03.03"]

1. c4 e5 2. Nc3 Nf6 3. Nf3 Nc6 4. g3 d5 5. cxd5 Nxd5 6. Bg2 Nde7 7. O-O g6
8. d3 Bg7 9. Bd2 O-O 10. Qc1 Nf5 11. Re1 h6 12. Rb1 g5 13. h4 Rb8 14. b4
Nfd4 15. b5 Nxf3+ 16. Bxf3 Nd4 17. Bg2 Be6 18. Kh2 b6 19. Rb4 Rc8 20. Ra4
c6 21. bxc6 Nxc6 22. Qb1 a5 23. Be3 Nd4 24. Bxd4 exd4 25. Ne4 Qd7 26. Ra3
f5 27. Nd2 Rc3 28. Rxc3 dxc3 29. Nc4 b5 30. Nxa5 Qa7 31. Qxb5 Qxf2 32. Qb1
c2 33. Qc1 Bd4 0-1

[Event "TCh-FRA Top 16"]
[Site "Asnieres sur Seine FRA"]
[Date "2006.05.04"]
[Round "8"]
[White "Flear,C"]
[Black "Cochet,C"]
[Result "1/2-1/2"]
[WhiteElo "2212"]
[BlackElo "2036"]
[EventDate "2006.03.03"]

1. d4 d5 2. c4 e6 3. Nc3 Nf6 4. cxd5 exd5 5. Bg5 Nbd7 6. e3 Bb4 7. Bd3 c5
8. Nge2 c4 9. Bc2 O-O 10. O-O Qa5 11. a4 Re8 12. Qc1 h6 13. Bh4 Ne4 14.
Bxe4 dxe4 15. Bg3 a6 16. Qc2 Nf6 17. Na2 Be6 18. Nxb4 Qxb4 19. Nc3 Bf5 20.
a5 Rac8 21. h3 Bg6 22. Rfd1 Red8 23. Bh4 Qd6 24. Rd2 Rd7 25. Bxf6 Qxf6 26.
Na4 Rdd8 27. Nb6 Rc7 28. Nxc4 Bf5 29. b3 Qe7 30. Qd1 f6 31. d5 Qb4 32. d6
Rc6 33. Ra4 Qb5 34. d7 Be6 35. Rd4 Rc7 36. Rxe4 Rcxd7 37. Rd4 Bxc4 38. bxc4
Rxd4 39. exd4 Rxd4 40. Qxd4 Qxa4 41. Qd5+ Kh7 42. Qe4+ Kg8 43. Qd5+ 1/2-1/2

[Event "TCh-FRA Top 16"]
[Site "Asnieres sur Seine FRA"]
[Date "2006.05.04"]
[Round "8"]
[White "Polzin,R"]
[Black "Rozentalis,E"]
[Result "0-1"]
[WhiteElo "2494"]
[BlackElo "2582"]
[EventDate "2006.03.03"]

1. e4 d5 2. exd5 Nf6 3. Nf3 Nxd5 4. d4 Bg4 5. c4 Nb6 6. Be2 e6 7. h3 Bh5 8.
Nc3 Be7 9. Be3 O-O 10. g4 Bg6 11. Ne5 N6d7 12. Nxg6 hxg6 13. Qd2 e5 14.
dxe5 Nxe5 15. Nd5 Bh4 16. O-O-O c6 17. Nc3 Qxd2+ 18. Rxd2 Be7 19. Rhd1 g5
20. Ne4 f6 21. c5 b5 22. a4 a6 23. f4 gxf4 24. Bxf4 Ra7 25. Bxe5 fxe5 26.
g5 Rf4 27. g6 Kf8 28. Rd8+ Bxd8 29. Rxd8+ Ke7 30. Rg8 Nd7 31. Nd6 Kf6 32.
Rc8 Nxc5 33. Rxc6 Nb3+ 34. Kb1 Nd4 35. Rb6 Kg5 36. Bd3 Rf3 37. Be4 Rf1+ 38.
Ka2 bxa4 39. Rb4 Rc7 40. Nf7+ Kf4 41. Bd3 Rd1 0-1

[Event "TCh-FRA Top 16"]
[Site "Asnieres sur Seine FRA"]
[Date "2006.05.04"]
[Round "8"]
[White "Doettling,F"]
[Black "Komarov,D"]
[Result "1/2-1/2"]
[WhiteElo "2542"]
[BlackElo "2516"]
[EventDate "2006.03.03"]

1. d4 Nf6 2. Nf3 e6 3. c4 b6 4. a3 Bb7 5. Nc3 d5 6. Bg5 Be7 7. e3 O-O 8.
Rc1 c5 9. cxd5 cxd4 10. Bxf6 Bxf6 11. Nxd4 exd5 12. Be2 Nd7 13. O-O Nc5 14.
Bf3 Bxd4 15. exd4 Ne4 16. Re1 Re8 17. Qd3 Rc8 1/2-1/2

[Event "TCh-FRA Top 16"]
[Site "Asnieres sur Seine FRA"]
[Date "2006.05.04"]
[Round "8"]
[White "Bunzmann,D"]
[Black "Varga,P1"]
[Result "1-0"]
[WhiteElo "2537"]
[BlackElo "2415"]
[EventDate "2006.03.03"]

1. d4 d5 2. c4 c6 3. Nc3 dxc4 4. e3 b5 5. a4 b4 6. Ne4 Qd5 7. Nd2 Ba6 8.
Qc2 Nf6 9. Ngf3 e6 10. e4 Qd8 11. Nxc4 Be7 12. Bd3 h6 13. O-O c5 14. dxc5
Bxc5 15. Bf4 Nbd7 16. Rad1 O-O 17. Nce5 Nxe5 18. Nxe5 Bxd3 19. Qxc5 Nd7 20.
Qe3 Bxf1 21. Rxd7 Qa5 22. Qg3 Kh7 23. Bxh6 gxh6 24. Qg6+ Kh8 25. Nxf7+ 1-0

[Event "TCh-FRA Top 16"]
[Site "Asnieres sur Seine FRA"]
[Date "2006.05.04"]
[Round "8"]
[White "Kallai,G"]
[Black "Karr,JP"]
[Result "1/2-1/2"]
[WhiteElo "2504"]
[BlackElo "2379"]
[EventDate "2006.03.03"]

1. d4 Nf6 2. c4 g6 3. Nc3 d5 4. Nf3 Bg7 5. Bg5 Ne4 6. Bf4 Nxc3 7. bxc3 c5
8. cxd5 Qxd5 9. e3 cxd4 10. cxd4 O-O 11. Be2 Nc6 12. O-O Bf5 13. Qb3 Qxb3
14. axb3 Be4 15. Rfc1 Rac8 16. h3 h6 17. Bc4 Bxf3 18. gxf3 e5 19. Bxe5 Bxe5
20. dxe5 Nxe5 21. Bd5 Nc6 22. Bxc6 Rxc6 23. Rxc6 bxc6 24. Rxa7 Rb8 25. Ra6
Rxb3 26. Rxc6 Kg7 27. Kg2 Rb4 28. f4 h5 29. Kg3 Rb3 30. Rc7 Ra3 31. Re7 Rb3
32. Re8 Ra3 33. Kf3 Rb3 34. Rd8 Ra3 35. Ke2 Ra2+ 36. Rd2 Ra1 37. Rd3 Rb1
38. e4 Kf6 39. Rg3 Ra1 40. Kf3 Rb1 41. Kg2 Re1 42. Re3 Ra1 43. Rb3 Re1 44.
Rb6+ Kg7 45. e5 Re4 46. Kf3 Re1 47. Rb7 Kf8 48. Ra7 Rh1 49. Kg3 Re1 50. Kh4
Kg7 51. Rb7 Re2 52. Kg5 Re1 53. Re7 Rg1+ 54. Kh4 Kf8 55. Ra7 Re1 56. Ra5
Rg1 57. f5 gxf5 58. Kxh5 f4 59. h4 Rg2 60. f3 Rg3 61. Ra3 Kg7 62. Ra7 Kf8
63. Kh6 Rg6+ 64. Kh5 Rg3 65. Rb7 Kg8 66. Rb4 Rxf3 67. Kg5 Rg3+ 68. Kxf4 Rh3
69. Kf5 Kg7 70. Rg4+ Kf8 71. Re4 Kg7 72. Kg5 Rh1 73. h5 Rh2 74. Rf4 Rh1 75.
Rf2 Rg1+ 76. Kf5 Rh1 77. Rg2+ Kf8 78. Rg5 Ke7 79. Kf4 1/2-1/2

[Event "TCh-FRA Top 16"]
[Site "Asnieres sur Seine FRA"]
[Date "2006.05.04"]
[Round "8"]
[White "Legky,N"]
[Black "Roos,D"]
[Result "1-0"]
[WhiteElo "2453"]
[BlackElo "2410"]
[EventDate "2006.03.03"]

1. c4 Nf6 2. Nc3 d5 3. cxd5 Nxd5 4. d4 g6 5. e4 Nxc3 6. bxc3 Bg7 7. Be3 c5
8. Qd2 Nd7 9. Nf3 Qa5 10. Rc1 O-O 11. d5 f5 12. exf5 Rxf5 13. Bd3 Rf8 14.
O-O Nf6 15. Bh6 Bg4 16. Bxg7 Kxg7 17. Ne5 Qc7 18. Rfe1 Rad8 19. c4 e6 20.
Qc3 exd5 21. cxd5 Bc8 22. Bc4 a6 23. Bb3 b6 24. g4 Bb7 25. g5 1-0

[Event "TCh-FRA Top 16"]
[Site "Asnieres sur Seine FRA"]
[Date "2006.05.04"]
[Round "8"]
[White "Aguettaz,M"]
[Black "Borne,N"]
[Result "1/2-1/2"]
[WhiteElo "2338"]
[BlackElo "2342"]
[EventDate "2006.03.03"]

1. Nf3 Nf6 2. g3 d5 3. Bg2 Bg4 4. Ne5 Be6 5. d4 g6 6. c4 c6 7. cxd5 Bxd5 8.
f3 Nbd7 9. e4 Be6 10. O-O Nxe5 11. dxe5 Qxd1 12. Rxd1 Nd7 13. f4 f6 14.
exf6 exf6 15. Be3 Bc5 16. Kf2 Bxe3+ 17. Kxe3 Ke7 18. Nc3 1/2-1/2

[Event "TCh-FRA Top 16"]
[Site "Asnieres sur Seine FRA"]
[Date "2006.05.04"]
[Round "8"]
[White "Brunelliere,P"]
[Black "Roos,J"]
[Result "1-0"]
[WhiteElo "2343"]
[BlackElo "2294"]
[EventDate "2006.03.03"]

1. g3 e5 2. c4 Nf6 3. Bg2 d5 4. cxd5 Nxd5 5. Nf3 Nc6 6. O-O Nb6 7. Nc3 Be7
8. d3 O-O 9. Be3 Be6 10. Rc1 h6 11. a3 f5 12. Na4 e4 13. Ne1 Bf6 14. Nc5
Bc8 15. b4 Kh8 16. Bd2 a5 17. b5 Nd4 18. a4 exd3 19. Nexd3 Re8 20. e3 Ne6
21. Qc2 Nd5 22. Nxe6 Bxe6 23. Nc5 Qc8 24. Rfd1 Rd8 25. Be1 Bg8 26. Bh3 Bh7
27. e4 Ne7 28. Rxd8+ Qxd8 29. Nxb7 Qd4 30. exf5 Qd5 31. Bg2 Qe5 32. Bc3
Qxc3 33. Qxc3 Bxc3 34. Rxc3 Bxf5 35. Rxc7 Rf8 1-0

[Event "TCh-FRA Top 16"]
[Site "Asnieres sur Seine FRA"]
[Date "2006.05.04"]
[Round "8"]
[White "Roos,Louis1"]
[Black "Giffard,N"]
[Result "1/2-1/2"]
[WhiteElo "2344"]
[BlackElo "2313"]
[EventDate "2006.03.03"]

1. c4 e6 2. Nf3 Nf6 3. d4 Bb4+ 4. Bd2 Qe7 5. Qc2 Bxd2+ 6. Nbxd2 d6 7. e3 e5
8. Be2 O-O 9. h3 Nc6 10. d5 Nb8 11. O-O a5 12. b3 c6 13. dxc6 Nxc6 14. a3
h6 15. Rfd1 Be6 16. Qb2 Qc7 17. Rac1 Rfd8 18. Qb1 Qb6 19. Bd3 Nd7 20. Bh7+
Kh8 21. Bc2 Nc5 22. Ne4 Nxe4 23. Bxe4 Ne7 24. Qb2 f6 1/2-1/2

[Event "TCh-FRA Top 16"]
[Site "Asnieres sur Seine FRA"]
[Date "2006.05.04"]
[Round "8"]
[White "Wolfangel,F"]
[Black "Gras,D"]
[Result "1/2-1/2"]
[WhiteElo "1960"]
[BlackElo "1956"]
[EventDate "2006.03.03"]

1. d4 d5 2. c4 e6 3. Nc3 Nf6 4. Nf3 Be7 5. Bg5 O-O 6. e3 h6 7. Bh4 b6 8.
cxd5 Nxd5 9. Bxe7 Qxe7 10. Nxd5 exd5 11. Be2 Be6 12. O-O c5 13. b3 Nd7 14.
Rc1 Rac8 15. Re1 1/2-1/2

[Event "TCh-FRA Top 16"]
[Site "Asnieres sur Seine FRA"]
[Date "2006.05.04"]
[Round "8"]
[White "Dourerassou,J"]
[Black "Tkachiev,V"]
[Result "0-1"]
[WhiteElo "2354"]
[BlackElo "2642"]
[EventDate "2006.03.03"]

1. e4 c6 2. d4 d5 3. Nc3 dxe4 4. Nxe4 Bf5 5. Ng3 Bg6 6. h4 h6 7. Nf3 Nd7 8.
h5 Bh7 9. Bd3 Bxd3 10. Qxd3 e6 11. Bf4 Qa5+ 12. Bd2 Bb4 13. Ne4 Ngf6 14.
Nd6+ Ke7 15. Nc4 Bxd2+ 16. Nfxd2 Qc7 17. Qa3+ c5 18. O-O-O b5 19. dxc5 Qxc5
20. Qxc5+ Nxc5 21. Ne5 Rac8 22. g4 Rc7 23. Ndf3 Rhc8 24. Nd4 Nce4 25. Rhf1
a6 26. f3 Nd6 27. Rfe1 Nd5 28. Kb1 Nf4 29. c3 a5 30. a3 Rc5 31. Nb3 Rd5 32.
Nxa5 Rcc5 33. Nec6+ Kf6 34. Nb4 Rxd1+ 35. Rxd1 Nc4 36. Nac6 g6 37. hxg6
fxg6 38. Nb8 Rc8 39. Nd7+ Ke7 40. Nb8 Ne5 41. N4a6 Nd5 42. Re1 Kd6 43. Rh1
Rh8 44. g5 h5 45. a4 bxa4 46. Rh4 Nxf3 47. Rxa4 h4 48. c4 h3 49. c5+ Ke5
50. Nb4 Nxb4 0-1

[Event "TCh-FRA Top 16"]
[Site "Asnieres sur Seine FRA"]
[Date "2006.05.04"]
[Round "8"]
[White "Kazhgaleyev,M"]
[Black "Lepelletier,B"]
[Result "1-0"]
[WhiteElo "2607"]
[BlackElo "2437"]
[EventDate "2006.03.03"]

1. d4 Nf6 2. c4 e6 3. Nc3 Bb4 4. Nf3 b6 5. Bg5 Bb7 6. e3 h6 7. Bh4 Bxc3+ 8.
bxc3 d6 9. Nd2 Nbd7 10. f3 Qe7 11. Qa4 e5 12. e4 c5 13. Bd3 Kd8 14. dxe5
dxe5 15. Nf1 Nf8 16. Ne3 Ng6 17. Bg3 Nh5 18. Bf2 Ngf4 19. Bf1 Qe8 20. Qb3
Nf6 21. g3 Ng6 22. Nd5 Qc6 23. a4 Nxd5 24. cxd5 Qd6 25. a5 Kc7 26. Bb5 Ne7
27. O-O g5 28. Ra4 f5 29. Qa3 fxe4 30. fxe4 Rhf8 31. Ra1 Rab8 32. Rc4 Rxf2
33. Kxf2 Nxd5 34. Kg1 Rf8 35. axb6+ axb6 36. Ra4 Ne7 37. Qa2 h5 38. Qe2 Qg6
39. Rd1 Nc6 40. Ba6 Ra8 41. Rda1 Bxa6 42. Rxa6 Rxa6 43. Rxa6 g4 44. Ra1 Qe6
45. Qb5 Qh6 46. Qd3 b5 47. Rb1 b4 48. cxb4 cxb4 49. Rf1 Kb6 50. Kg2 Qe6 51.
Ra1 Kc7 52. Rc1 Kb6 53. Qd5 Qxd5 54. exd5 Nb8 55. Rc4 Kb5 56. Rc7 Kb6 57.
d6 b3 58. Rc3 Nd7 59. Rxb3+ Kc6 60. Rd3 Nf6 61. Kf1 Kd7 62. Ke2 Ke6 63. Rd1
Kd7 64. Ke3 Ke6 65. Rd2 Nd7 66. Rf2 Kxd6 67. Rf5 Ke6 68. Rxh5 Nf6 69. Rh8
Kf5 70. Rf8 Ke6 71. Ra8 Kf5 72. Kd3 Nh7 73. Ra2 Ng5 74. Rf2+ Ke6 75. Rf8
Nh7 76. Re8+ Kf5 77. Ra8 Nf6 78. Rf8 Ke6 79. Kc4 Ke7 80. Ra8 Ke6 81. Ra2
Ne4 82. Re2 Ng5 83. Re3 Nh7 84. Re1 Ng5 85. Kc5 Nf3 86. Re2 Ng5 87. Re3 Nh7
88. Ra3 Nf6 89. Ra8 Ne4+ 90. Kc6 Nf6 91. Ra4 Kf5 92. Kc5 Ne4+ 93. Kc4 Nf6
94. Ra1 Ke6 95. Kd3 Kf5 96. Ra7 Ke6 97. Rb7 Kf5 98. Rg7 Ne4 99. Ke3 Nf6
100. Rf7 Ke6 101. Rf8 Ke7 102. Rh8 Ke6 103. h4 gxh3 104. Rxh3 Kf5 105. Rh4
Kg5 106. Ra4 Kf5 107. Kf3 e4+ 108. Kg2 Ng4 109. Ra5+ Kf6 110. Kf1 Kg6 111.
Rb5 Kf6 112. Ke2 Kg6 113. Kd2 Kf6 114. Ke2 Kg6 115. Kf1 Kf6 116. Kg2 Ne5
117. Rb8 Nd3 118. Rf8+ Kg5 119. Re8 Kf5 120. Kh3 Ne5 121. Rf8+ Ke6 122. Kg2
Nd7 123. Rf1 Nf6 124. Kh3 e3 125. Kg2 Nd5 126. Kf3 Ke5 127. Ra1 1-0

[Event "TCh-FRA Top 16"]
[Site "Asnieres sur Seine FRA"]
[Date "2006.05.04"]
[Round "8"]
[White "Calistri,T"]
[Black "Palac,M"]
[Result "0-1"]
[WhiteElo "2382"]
[BlackElo "2561"]
[EventDate "2006.03.03"]

1. e4 c5 2. Nf3 Nc6 3. d4 cxd4 4. Nxd4 Nf6 5. Nc3 d6 6. Bg5 e6 7. Qd2 Be7
8. O-O-O a6 9. f3 Nxd4 10. Qxd4 b5 11. Kb1 Bb7 12. h4 Rc8 13. h5 h6 14. Be3
Qc7 15. Qd2 d5 16. e5 Nd7 17. f4 Nc5 18. Bd3 Ne4 19. Bxe4 dxe4 20. Rc1 O-O
21. Bd4 Rfd8 22. Qe3 Bc5 23. Bxc5 Qxc5 24. Qxc5 Rxc5 25. Rhd1 Rxd1 26. Rxd1
e3 27. Re1 Bxg2 28. Rxe3 Rc4 29. Ne2 Be4 30. Rc3 Rxc3 31. bxc3 Bf3 32. Ng3
Kh7 33. Kc1 g6 34. hxg6+ Kxg6 35. Kd2 h5 36. Ke3 Bd5 37. c4 Bxc4 38. a3 h4
39. Ne4 h3 0-1

[Event "TCh-FRA Top 16"]
[Site "Asnieres sur Seine FRA"]
[Date "2006.05.04"]
[Round "8"]
[White "Fontaine,R"]
[Black "Bouchet,N"]
[Result "1-0"]
[WhiteElo "2524"]
[BlackElo "2307"]
[EventDate "2006.03.03"]

1. d4 d5 2. Bf4 Nf6 3. e3 Bf5 4. Nf3 c5 5. c3 Qb6 6. Qb3 c4 7. Qxb6 axb6 8.
Bxb8 Rxb8 9. Nbd2 Ra8 10. a3 h6 11. Be2 e6 12. Ne5 Bd6 13. f4 Ne4 14. Bf3
Nxd2 15. Kxd2 f6 16. Ng4 Bxg4 17. Bxg4 f5 18. Bh5+ Ke7 19. h4 g6 20. Be2 h5
21. b3 b5 22. a4 bxa4 23. bxc4 dxc4 24. Bxc4 Rhb8 25. Rhb1 Ra5 26. Rb6 a3
27. Rab1 Ra7 28. Ba2 Kd7 29. g3 Kc7 30. c4 Rd8 31. Ke2 1-0

[Event "TCh-FRA Top 16"]
[Site "Asnieres sur Seine FRA"]
[Date "2006.05.04"]
[Round "8"]
[White "Govciyan,P"]
[Black "Cornette,M"]
[Result "1-0"]
[WhiteElo "2368"]
[BlackElo "2388"]
[EventDate "2006.03.03"]

1. d4 d5 2. Nf3 Nf6 3. c4 c6 4. cxd5 cxd5 5. Nc3 Nc6 6. Bf4 Nh5 7. Bd2 e6
8. e3 Nf6 9. Bd3 Be7 10. O-O O-O 11. a3 b6 12. b4 Bb7 13. Qb3 Rc8 14. Rfc1
Qd6 15. Ne2 Ne4 16. Be1 a6 17. Qb2 Qb8 18. Ne5 Qa7 19. a4 a5 20. bxa5 Nxe5
21. dxe5 bxa5 22. Bxe4 dxe4 23. Nd4 Bd5 24. Qb5 Bc5 25. Bc3 Bb6 26. Rab1
Bc7 27. Nf5 exf5 28. Qxd5 Bb6 29. e6 Rc5 30. exf7+ Rxf7 31. Qe6 Bd8 32. Bd4
Rxc1+ 33. Rxc1 Qd7 34. Qb3 f4 35. Rd1 fxe3 36. Bxe3 Qe8 37. Qd5 Bc7 38. Rd4
Qb8 39. g3 Bb6 40. Bf4 Bc7 41. Rxe4 Bxf4 42. Rxf4 Qb1+ 43. Kg2 Qb7 44. Qxb7
Rxb7 45. Rf5 Ra7 46. Kf3 g6 47. Re5 Kg7 48. Ke4 Kf6 49. f4 h5 50. Kd4 Rd7+
51. Kc4 Rd2 52. h4 Ra2 53. Kb5 1-0

[Event "TCh-FRA Top 16"]
[Site "Asnieres sur Seine FRA"]
[Date "2006.05.04"]
[Round "8"]
[White "Anic,D"]
[Black "Romieux,S"]
[Result "1-0"]
[WhiteElo "2467"]
[BlackElo "2221"]
[EventDate "2006.03.03"]

1. Nf3 Nf6 2. c4 c6 3. d4 d5 4. Nc3 dxc4 5. a4 Bf5 6. e3 e6 7. Bxc4 Bb4 8.
O-O O-O 9. Qe2 Ne4 10. Nxe4 Bxe4 11. Nd2 Bg6 12. Nb3 Nd7 13. e4 Re8 14. f3
a5 15. Be3 Qe7 16. Rfd1 Kh8 17. Qf2 f5 18. exf5 exf5 19. Bf4 Nb6 20. Bf1
Bf7 21. Qc2 Nd5 22. Be5 Ne3 23. Qd3 Nxd1 24. Rxd1 Qe6 25. Nc1 Rad8 26. Qc2
c5 27. Bd3 cxd4 28. f4 Rc8 29. Qb1 Qb6 30. Kh1 Bd5 31. Bxf5 Qc6 32. Rg1 Bd2
33. Ne2 Be3 34. Bxc8 Rxc8 35. Nxd4 Bxg2+ 36. Rxg2 Qc1+ 37. Rg1 Bxg1 38.
Qxc1 Rxc1 39. Ne2 Be3+ 40. Nxc1 Bxc1 41. Kg2 Kg8 42. Kf3 Kf7 43. Bc3 g6 44.
b3 Ke6 45. Ke4 b6 46. Bd4 Bd2 47. Bxb6 Bb4 48. Be3 h5 49. Bd4 Bd2 50. Bc5
Be1 51. Be3 Bb4 52. Kd3 Bd6 53. Bd2 Kd5 54. Bxa5 Bxf4 55. h3 g5 56. Bd2 1-0

[Event "TCh-FRA Top 16"]
[Site "Asnieres sur Seine FRA"]
[Date "2006.05.04"]
[Round "8"]
[White "Lepan,M"]
[Black "Leconte,M"]
[Result "0-1"]
[WhiteElo "2201"]
[BlackElo "2332"]
[EventDate "2006.03.03"]

1. d4 Nf6 2. c4 e6 3. Nc3 Bb4 4. e3 O-O 5. Bd3 c5 6. Nge2 d5 7. O-O Nc6 8.
a3 Bxc3 9. bxc3 dxc4 10. Bxc4 Qc7 11. Ba2 b6 12. Ng3 Ba6 13. Re1 Rad8 14.
Nh5 Nxh5 15. Qxh5 Bd3 16. Bb2 c4 17. e4 e5 18. d5 Ne7 19. Bb1 f5 20. Bxd3
cxd3 21. Rad1 fxe4 22. c4 Ng6 23. Rxe4 Qc5 24. Re3 e4 25. Bc1 Nf4 26. Qe5
Rde8 27. Qb2 Qxc4 28. h3 Qxd5 29. Kh1 Rc8 30. Rg3 Ng6 31. Be3 Rfd8 0-1

[Event "TCh-FRA Top 16"]
[Site "Asnieres sur Seine FRA"]
[Date "2006.05.04"]
[Round "8"]
[White "Sighirdjian,EM"]
[Black "Brih,S"]
[Result "1/2-1/2"]
[WhiteElo "2182"]
[BlackElo "2224"]
[EventDate "2006.03.03"]

1. e4 c5 2. Nc3 Nc6 3. g3 g6 4. Bg2 Bg7 5. d3 d6 6. f4 e6 7. Nf3 Nge7 8.
O-O O-O 9. Be3 b6 10. d4 d5 11. e5 Nf5 12. Bf2 Ba6 13. Re1 cxd4 14. Nxd4
Ncxd4 15. Bxd4 Nxd4 16. Qxd4 Qc7 17. Bf1 Bxf1 18. Kxf1 f6 19. exf6 Bxf6 20.
Qd3 Qc6 21. Rad1 Rfe8 22. Qb5 Rec8 23. Qe2 Bxc3 24. bxc3 Re8 25. Qe5 Qc4+
26. Rd3 Qxa2 27. Re2 Qc4 28. Qf6 Qc6 29. Rde3 Rf8 30. Qxe6+ Qxe6 31. Rxe6
Rac8 32. R6e5 Rf5 33. Re8+ Rf8 34. R8e7 Rf7 35. R7e5 Rd7 36. R2e3 Kf7 37.
Ke1 d4 38. cxd4 Rxc2 39. h4 Rc4 40. d5 Rd4 41. Ra3 h5 42. Ke2 a5 43. Rb3
Rd6 44. Ke3 Rc4 45. Kd3 Rc5 46. Kd4 Rc1 47. Rbe3 Rd7 48. f5 Rd1+ 49. Kc4
Rc7+ 50. Kb5 Rc5+ 51. Kxb6 Rdxd5 52. fxg6+ Kxg6 53. Rxd5 Rxd5 54. Rf3 Rf5
55. Rc3 Re5 56. Rc4 Rf5 57. g4 hxg4 58. Rxg4+ Kh5 59. Ra4 Re5 60. Rxa5 Rxa5
61. Kxa5 1/2-1/2